000 00825nam a2200253 i 4500
001 91186
003 ES-MaACL
005 20230906180648.0
007 t|
008 050127s1963 sp ||||1|bspa d
080 _a929 Lerroux, Alejandro
080 _a946"1931/39"(093.32)
100 1 _aLerroux, Alejandro,
_d1864-1949
_9227246
245 1 3 _aLa pequeña historia /
_cAlejandro Lerroux.
250 _a1ª ed.
260 _aMadrid :
_bAfrodisio Aguado,
_c1963.
300 _a535 p. ;
_c25 cm.
500 _aÍndice.
600 1 4 _aLerroux, Alejandro,
_d1864-1949
_9227246
651 4 _aEspaña-
_xHistoria-
_y1936-1939, Guerra civil-
_xCausas y antecedentes.
_98299
651 4 _aEspaña-
_xHistoria-
_y1931-1939, II República-
_vRelatos personales.
_98290
852 _aES-MaACL
_jC-24759
999 _c91186
_d91186